| 000 | 02932nam a22002417a 4500 | ||
|---|---|---|---|
| 003 | Uzh_bibl | ||
| 008 | 260430b |||||||| |||| 00| 0 ukr d | ||
| 020 | _c15.00 | ||
| 040 | _bукр. | ||
| 041 |
_2ukr _aukr |
||
| 080 | _a94(477) | ||
| 090 |
_a94(477) _bС 32 |
||
| 100 | _aСергійчук,Володимир | ||
| 245 |
_aТрагедія Українців в Польщі _cхудож.оформ. Омелян Я.М. _hТекст |
||
| 260 |
_aТернопіль _bКнижково Журнальне Видавництво _c1997 |
||
| 300 |
_a440 с. _fВ опр. |
||
| 520 | _aП’ятдесят років тому комуністична влада Польщі вчинила катастрофічну наругу над українцями Лемківщини, Надсяння, Холмщини та Підляшшя, насильно пересиливши їх із споконвічних батьківських земель на північно-східні території, що відійшли від Німеччини. З метою повної асиміляції близько 150 тисяч наших братів і сестер по крові було розселено по кілька сімей серед польського етносу. А перед цим, у 1944-1946 роках, 482 тисячі українців із вказаних етнічних земель нашого народу насильно відправили в Радянську Україну. Автор на основі численних документів і матеріалів показує процес освоєння українцями привісленських територій з часів Київської Русі, постійне прагнення тамтешньої людності жити спільно з Матір’ю-Україною, — аж до трагічних подій 1944-1947 років., Дослідження виконане в рамках програми «Українознавство в системі освіти, науки і культури» Інституту українознавства Київського національного університету імені Тараса Шевченка і рекомендоване Міністерством освіти України як посібник студентам і викладачам, котрі вивчають історію України, а також розраховане на всіх, хто цікавиться минулим | ||
| 521 | _aДля широкого кола читачів | ||
| 546 | _aукр. | ||
| 650 |
_aНауково-популярна література _vІсторична література |
||
| 653 |
_a Українські польські відносини _aВісла |
||
| 942 |
_2udc _cBK |
||
| 999 |
_c17574 _d17574 |
||